| 000 | 01806nam a22001577a 4500 | ||
|---|---|---|---|
| 041 | _aukr | ||
| 080 | _a09 | ||
| 090 | _bМІХ | ||
| 100 | _aМіхневич Г.О. | ||
| 245 | _aКогнітивно-семантичні аспекти біблійної лексики твору Ден Брауна "Код да Вінчі" | ||
| 260 |
_aОстрог _bКАФ _c2009 |
||
| 300 | _a81 | ||
| 520 |
_aВСТУП
РОЗДІЛ 1 СЕМАНТИКА ЯК РОЗДІЛ МОВОЗНАВСТВА
1.1 Семантична система мови.
1.2 Системність лексичної системи мови.
1.3 Синоніми як категорія лексико-семантичного поля.
РОЗДІЛ 2 КОНЦЕПТУАЛЬНИЙ АНАЛІЗ
2.1 Поняття концепту.
2.2 Процеси формування концептів.
2.3 Вербалізація концепту.
РОЗДІЛ 3 АНАЛІЗ БІБЛІЙНОЇ ЛЕКСИКИ ТВОРУ ДЕН БРАУНА "КОД ДА ВІНЧІ"
3.1 Біблійна лексика, використана для характеристики людини.
3.2 Біблійна лексика, що використовується на позначення імені Бога.
3.3 Біблійна лексика на позначення продуктів харчування.
РОЗДІЛ 4 ВЕРБАЛІЗАЦІЯ КОНЦЕПТУ ДУША В АНГЛІЙСЬКІЙ ТА УКРАЇНСЬКІЙ МОВАХ
4.1 Підходи до вивчення та розуміння душі.
4.2 Концепт ДУША в англійській та укріїнській мовах.
ВИСНОВКИ _0семантика,концептуальний аналіз,Ден Браун |
||
| 650 | _aResearch Papers | ||
| 999 |
_c284166 _d284166 |
||
| 942 | _cBK | ||